000 00366nam a2200133Ia 4500
008 220216s9999 xx 000 0 und d
100 _aMukhopadhyay R
245 0 _aBuilding business value through sustainable growth: Rubber industry
260 _bRubber India
_c2011
300 _a70-72
650 _aRubber industry
650 _aSustainable growth
942 _cJS
999 _c55010
_d55010